[Event "GER MS-174 email"]
[Site "GER email"]
[Date "2013.02.06"]
[Round "?"]
[White "Walther, Joachim"]
[Black "Matzig, Ralf"]
[Result "0-1"]
[WhiteElo "2003"]
[BlackElo "1982"]
[PlyCount "52"]
[EventDate "2013.02.22"]
[EventType "tourn (corr)"]
[EventRounds "6"]
[EventCountry "GER"]
[SourceTitle "Corr 2015"]
[Source "ChessBase"]
[SourceDate "2015.07.17"]
[SourceVersion "1"]
[SourceVersionDate "2015.07.17"]
[SourceQuality "1"]

1. c4 Nf6 2. Nc3 e5 3. g3 Bb4 4. Bg2 0-0 5. e4 Bxc3 6. dxc3 d6 7. Ne2 a6 8. a4 Be6 9. b3 Nbd7 10. a5 Nc5 11. Qc2 b6 12. Bg5 bxa5 13. Rxa5 c6 14. Ra3 a5 15. 0-0 a4 16. Bxf6 Qxf6 17. b4 Nd7 18. Rxa4 Rxa4 19. Qxa4 Bxc4 20. Re1 Bb5 21. Qa2 Nb6 22. Ra1 d5 23. Nc1 d4 24. Bf1 Bxf1 25. Kxf1 Qf3 26. cxd4 Qh1+ 0-1

[Event "GER MS-173 email"]
[Site "GER email"]
[Date "2013.01.26"]
[Round "?"]
[White "Kosirog, Nicolai"]
[Black "Matzig, Ralf"]
[Result "1-0"]
[WhiteElo "1873"]
[BlackElo "1982"]
[PlyCount "43"]
[EventDate "2013.02.08"]
[EventType "tourn (corr)"]
[EventRounds "6"]
[EventCountry "GER"]
[SourceTitle "Corr 2015"]
[Source "ChessBase"]
[SourceDate "2015.07.17"]
[SourceVersion "1"]
[SourceVersionDate "2015.07.17"]
[SourceQuality "1"]

1. d4 Nf6 2. c4 e6 3. Nf3 d5 4. Nc3 c6 5. e3 Nbd7 6. Bd3 dxc4 7. Bxc4 b5 8. Bd3 Bb7 9. e4 b4 10. Na4 c5 11. e5 Nd5 12. dxc5 Nxc5 13. Nxc5 Bxc5 14. 0-0 h6 15. Nd2 0-0 16. Ne4 Bd4 17. Nd6 Bxe5 18. Nxb7 Qb6 19. Qh5 Bd4 20. Qh4 Bf6 21. Qe4 Rac8 22. Qh7# 1-0

[Event "GER MS-173 email"]
[Site "GER email"]
[Date "2013.01.26"]
[Round "?"]
[White "Matzig, Ralf"]
[Black "Garus, Edward"]
[Result "1-0"]
[WhiteElo "1982"]
[BlackElo "2001"]
[PlyCount "115"]
[EventDate "2013.02.08"]
[EventType "tourn (corr)"]
[EventRounds "6"]
[EventCountry "GER"]
[SourceTitle "Corr 2015"]
[Source "ChessBase"]
[SourceDate "2015.07.17"]
[SourceVersion "1"]
[SourceVersionDate "2015.07.17"]
[SourceQuality "1"]

1. d4 Nf6 2. c4 g6 3. Nc3 Bg7 4. e4 d6 5. Nf3 0-0 6. h3 e5 7. d5 a5 8. g4 Na6 9. Be3 Nd7 10. a3 Nac5 11. Rg1 a4 12. Nd2 b6 13. Qc2 h6 14. Be2 Qh4 15. 0-0-0 Nb3+ 16. Nxb3 axb3 17. Qxb3 Nc5 18. Qc2 Bd7 19. Kb1 Bf6 20. b4 Na4 21. Nb5 Bg5 22. Bxg5 hxg5 23. Rg3 Qh8 24. Rf3 Rfc8 25. Qd2 f6 26. Bd3 Kg7 27. Bc2 Qe8 28. Qe2 Qd8 29. Bb3 Qe8 30. Rc1 Qe7 31. Qd1 Nc5 32. bxc5 bxc5 33. Kb2 Rab8 34. a4 Rh8 35. Qe2 Qd8 36. Ra1 Qc8 37. Kc1 Ra8 38. a5 Ra6 39. Bc2 Qd8 40. Rb3 Be8 41. Kd1 Bd7 42. Ke1 Be8 43. Kf1 Bd7 44. Kg2 Bc8 45. Qe1 Bd7 46. Rab1 Ra8 47. Na3 Qc8 48. Qc3 Be8 49. Nb5 Bf7 50. R3b2 Qd8 51. Na3 Qd7 52. Rb7 Qc8 53. R1b2 Be8 54. a6 Rxa6 55. Rb8 Qd7 56. R2b7 Bf7 57. Rxh8 Kxh8 58. Nb5 1-0

[Event "GER MS-173 email"]
[Site "GER email"]
[Date "2013.01.26"]
[Round "?"]
[White "Wurtinger, Rainer"]
[Black "Matzig, Ralf"]
[Result "1/2-1/2"]
[WhiteElo "2166"]
[BlackElo "1982"]
[PlyCount "84"]
[EventDate "2013.02.08"]
[EventType "tourn (corr)"]
[EventRounds "6"]
[EventCountry "GER"]
[SourceTitle "Corr 2015"]
[Source "ChessBase"]
[SourceDate "2015.07.17"]
[SourceVersion "1"]
[SourceVersionDate "2015.07.17"]
[SourceQuality "1"]

1. d4 Nf6 2. c4 e6 3. Nf3 b6 4. g3 Bb7 5. Bg2 Be7 6. Nc3 Ne4 7. Bd2 Bf6 8. 0-0 0-0 9. Be1 Nxc3 10. Bxc3 Be4 11. Ne5 Bxg2 12. Kxg2 d5 13. Qd3 Bxe5 14. dxe5 Nd7 15. b4 c6 16. cxd5 cxd5 17. e4 dxe4 18. Qxe4 Rc8 19. Rac1 Rc7 20. Bd4 Qb8 21. Rxc7 Qxc7 22. Bb2 Rd8 23. Rc1 Qb8 24. h4 h6 25. h5 b5 26. Bd4 a6 27. a3 Nb6 28. Bxb6 Qxb6 29. Rc5 Qb8 30. Qc6 Qa7 31. Qf3 Qd7 32. Rc3 Qd4 33. Rc7 Rd7 34. Rc8+ Rd8 35. Rc6 Qxe5 36. Rxa6 f5 37. Rb6 Rb8 38. Rc6 Rd8 39. Rc5 Rd5 40. Rc8+ Kf7 41. Ra8 Kf6 42. Rf8+ Ke7 1/2-1/2

[Event "GER HS-131 email"]
[Site "GER email"]
[Date "2012.07.29"]
[Round "?"]
[White "Matzig, Ralf"]
[Black "Andrae, Dirk"]
[Result "1-0"]
[WhiteElo "1968"]
[BlackElo "1992"]
[PlyCount "141"]
[EventDate "2012.07.31"]
[EventType "tourn (corr)"]
[EventRounds "6"]
[EventCountry "GER"]
[SourceTitle "Corr 2015"]
[Source "ChessBase"]
[SourceDate "2015.07.17"]
[SourceVersion "1"]
[SourceVersionDate "2015.07.17"]
[SourceQuality "1"]

1. d4 f5 2. g3 Nf6 3. Bg2 e6 4. c4 d5 5. Nf3 c6 6. 0-0 Bd6 7. Qc2 0-0 8. Nc3 a6 9. c5 Bc7 10. Na4 Nbd7 11. Bf4 Ne4 12. e3 g5 13. Bxc7 Qxc7 14. Ne1 Nef6 15. Rc1 Kg7 16. f3 e5 17. Qxf5 Ne4 18. Qe6 Rf6 19. Qe7+ Rf7 20. Qxf7+ Kxf7 21. fxe4+ Kg7 22. exd5 exd4 23. exd4 Qa5 24. b3 cxd5 25. Rc2 Nf8 26. Nb6 Rb8 27. Bxd5 Be6 28. Re2 Qc3 29. Bxe6 Qxd4+ 30. Rff2 Re8 31. Bc4 Rxe2 32. Bxe2 Qxc5 33. Nc4 b5 34. Nd3 Qd4 35. Nce5 Ng6 36. Nf3 Qe3 37. Nfe1 Qe4 38. Bf3 Qd4 39. Kg2 g4 40. Bb7 a5 41. Re2 a4 42. bxa4 Qxa4 43. Nf2 h5 44. Ned3 Qd4 45. Be4 Ne5 46. Nf4 Kh6 47. h4 gxh3+ 48. N2xh3 Ng4 49. Nd5 Nf6 50. Ne7 Qc3 51. Bc2 Kg7 52. Nf5+ Kh8 53. Nf4 Qc6+ 54. Kg1 Qc5+ 55. Kf1 Qc4 56. Ng6+ Kh7 57. Ngh4 Kh8 58. Bb3 Qd3 59. Ng6+ Kh7 60. Nf4 Qf3+ 61. Kg1 Qg4 62. Re7+ Kh8 63. Bc2 h4 64. Rf7 Qg5 65. Rf8+ Ng8 66. Bb3 hxg3 67. Rxg8+ Qxg8 68. Bxg8 Kxg8 69. Nd3 Kf7 70. Nd4 Ke7 71. Nxb5 1-0

[Event "GER HS-125 email"]
[Site "GER email"]
[Date "2012.04.30"]
[Round "?"]
[White "Linke, Michael"]
[Black "Matzig, Ralf"]
[Result "1/2-1/2"]
[WhiteElo "1936"]
[BlackElo "1921"]
[PlyCount "60"]
[EventDate "2012.05.08"]
[EventType "tourn (corr)"]
[EventRounds "6"]
[EventCountry "GER"]
[SourceTitle "Corr 2015"]
[Source "ChessBase"]
[SourceDate "2015.07.17"]
[SourceVersion "1"]
[SourceVersionDate "2015.07.17"]
[SourceQuality "1"]

1. e4 e5 2. Bc4 Nf6 3. d3 c6 4. Nf3 d5 5. Bb3 Bd6 6. exd5 cxd5 7. Bg5 Be6 8. Nc3 Bc7 9. 0-0 Nc6 10. h3 a6 11. Bh4 Qd6 12. Bg3 d4 13. Ne2 Bxb3 14. axb3 0-0 15. c3 Qd7 16. cxd4 exd4 17. Bxc7 Qxc7 18. Nexd4 Nxd4 19. Nxd4 Qe5 20. Nf3 Qxb2 21. Rb1 Qa3 22. Ra1 Qd6 23. Re1 Rfe8 24. d4 Rxe1+ 25. Qxe1 Re8 26. Qc3 Nd5 27. Qc5 Rd8 28. Re1 g6 29. Re8+ Kg7 30. Rxd8 Qxd8 1/2-1/2

[Event "GER HS-125 email"]
[Site "GER email"]
[Date "2012.04.30"]
[Round "?"]
[White "Matzig, Ralf"]
[Black "Sommer, Norbert"]
[Result "1-0"]
[WhiteElo "1921"]
[BlackElo "1872"]
[PlyCount "111"]
[EventDate "2012.05.08"]
[EventType "tourn (corr)"]
[EventRounds "6"]
[EventCountry "GER"]
[SourceTitle "Corr 2015"]
[Source "ChessBase"]
[SourceDate "2015.07.17"]
[SourceVersion "1"]
[SourceVersionDate "2015.07.17"]
[SourceQuality "1"]

1. Nf3 Nf6 2. c4 g6 3. d4 Bg7 4. Nc3 d5 5. Bg5 Ne4 6. Bf4 Nxc3 7. bxc3 c5 8. e3 0-0 9. cxd5 cxd4 10. cxd4 Qxd5 11. Be2 Nc6 12. 0-0 Bf5 13. Qa4 Qa5 14. Qxa5 Nxa5 15. Rfc1 Rfc8 16. Nd2 Be6 17. Bf3 Bd7 18. Bc7 Nc6 19. Bg3 Na5 20. Rab1 Bf5 21. Be4 Bxe4 22. Nxe4 b6 23. Nc3 e6 24. Nb5 Rc6 25. Rxc6 Nxc6 26. Rc1 Nb4 27. Kf1 Nd5 28. Ke2 a6 29. Nc7 Rc8 30. Kd2 Nxc7 31. Rxc7 Rxc7 32. Bxc7 b5 33. Kc3 Bf8 34. d5 exd5 35. Kd4 f5 36. Kxd5 Kf7 37. f3 Bb4 38. Bd6 Bd2 39. e4 fxe4 40. fxe4 Ke8 41. e5 b4 42. e6 Kd8 43. h3 a5 44. Kc4 g5 45. Bc5 h5 46. Kb5 Ke8 47. g4 hxg4 48. hxg4 Bc3 49. Bb6 Ke7 50. Bxa5 Kxe6 51. Bxb4 Bf6 52. Kc6 Bd8 53. a4 Ke5 54. Bd6+ Ke4 55. Bc7 Bf6 56. a5 1-0

[Event "GER HS-124 email"]
[Site "GER email"]
[Date "2012.04.22"]
[Round "?"]
[White "Matzig, Ralf"]
[Black "Lauer, Roland"]
[Result "1/2-1/2"]
[WhiteElo "1995"]
[BlackElo "1719"]
[PlyCount "92"]
[EventDate "2012.05.04"]
[EventType "tourn (corr)"]
[EventRounds "6"]
[EventCountry "GER"]
[SourceTitle "Corr 2015"]
[Source "ChessBase"]
[SourceDate "2015.07.17"]
[SourceVersion "1"]
[SourceVersionDate "2015.07.17"]
[SourceQuality "1"]

1. d4 d5 2. c4 e6 3. Nf3 dxc4 4. e3 a6 5. Bxc4 c5 6. 0-0 Nf6 7. dxc5 Qxd1 8. Rxd1 Bxc5 9. Be2 0-0 10. b3 Nbd7 11. Bb2 b5 12. Nbd2 Bb7 13. a4 bxa4 14. Rxa4 Rfb8 15. Nd4 Nb6 16. Ra2 h6 17. Nc4 Nbd5 18. Raa1 Nb4 19. Ra5 Bxd4 20. Bxd4 Nc6 21. Be5 Nxe5 22. Nxe5 Rd8 23. Rxd8+ Rxd8 24. f3 Nd7 25. Nc4 Kf8 26. Kf2 Ke7 27. e4 Rc8 28. Ke3 Rc7 29. h4 f6 30. g4 Bc8 31. g5 hxg5 32. hxg5 Rb7 33. gxf6+ gxf6 34. Nd2 Rc7 35. Rh5 Rc3+ 36. Kd4 Rc1 37. Rh7+ Kd8 38. Rh8+ Kc7 39. Rh7 e5+ 40. Ke3 a5 41. Bc4 Kd8 42. Rf7 Ke8 43. Rg7 Nb6 44. Bd3 a4 45. bxa4 Nxa4 46. Bb5+ Kf8 1/2-1/2

[Event "GER HS-124 email"]
[Site "GER email"]
[Date "2012.04.22"]
[Round "?"]
[White "Matzig, Ralf"]
[Black "Linke, Michael"]
[Result "1-0"]
[WhiteElo "1995"]
[BlackElo "1958"]
[PlyCount "133"]
[EventDate "2012.05.04"]
[EventType "tourn (corr)"]
[EventRounds "6"]
[EventCountry "GER"]
[SourceTitle "Corr 2015"]
[Source "ChessBase"]
[SourceDate "2015.07.17"]
[SourceVersion "1"]
[SourceVersionDate "2015.07.17"]
[SourceQuality "1"]

1. d4 Nf6 2. Nf3 g6 3. c4 Bg7 4. Nc3 d5 5. Qb3 dxc4 6. Qxc4 0-0 7. e4 Nc6 8. Be2 Bg4 9. d5 Na5 10. Qb4 Bxf3 11. Bxf3 c6 12. 0-0 Qb6 13. Qa4 Nd7 14. Rd1 Rfd8 15. g3 Nc5 16. Qc2 Nc4 17. Rb1 Qb4 18. Bg2 e6 19. Bf1 h6 20. a3 Nxa3 21. bxa3 Qxc3 22. Qxc3 Bxc3 23. Be3 Nxe4 24. dxe6 Rxd1 25. Rxd1 Re8 26. Bc4 fxe6 27. Rd7 g5 28. Bd3 Nf6 29. Rxb7 a5 30. Kg2 Rd8 31. Bc4 Nd5 32. Bc5 Rc8 33. Rd7 Bf6 34. Bd3 Rd8 35. Bh7+ Kh8 36. Ra7 Bc3 37. Be4 Kg8 38. h3 Rc8 39. Bh7+ Kh8 40. Bc2 h5 41. Ba4 h4 42. Ra6 Kg7 43. Rxc6 Rxc6 44. Bxc6 Nf6 45. Kf3 hxg3 46. fxg3 Kf7 47. Be3 Kg6 48. a4 Bb4 49. Bd4 Kf7 50. Bb6 Bc3 51. g4 Ng8 52. Ke4 Bb4 53. Kd4 Ke7 54. Bc7 Nh6 55. Kc4 Nf7 56. Kb5 Nd6+ 57. Ka6 e5 58. Bxa5 Bc5 59. Bb6 Bd4 60. a5 Ke6 61. Bg2 Bc3 62. Ka7 e4 63. a6 Kd5 64. Kb8 Nb5 65. Kc8 Kc6 66. a7 Nxa7+ 67. Bxa7 1-0

[Event "GER HS-103 email"]
[Site "GER email"]
[Date "2011.06.06"]
[Round "?"]
[White "Matzig, Ralf"]
[Black "Herzog, Klaus"]
[Result "1/2-1/2"]
[WhiteElo "1904"]
[BlackElo "1833"]
[PlyCount "114"]
[EventDate "2011.06.15"]
[EventType "tourn (corr)"]
[EventRounds "6"]
[EventCountry "GER"]
[SourceTitle "Corr 2015"]
[Source "ChessBase"]
[SourceDate "2015.07.17"]
[SourceVersion "1"]
[SourceVersionDate "2015.07.17"]
[SourceQuality "1"]

1. d4 Nf6 2. c4 g6 3. Nc3 Bg7 4. e4 0-0 5. Nf3 d6 6. Be2 e5 7. 0-0 Nc6 8. d5 Ne7 9. Ne1 Nd7 10. Be3 f5 11. f3 f4 12. Bf2 g5 13. a4 Ng6 14. a5 Kh8 15. Nd3 Rg8 16. c5 Nf6 17. a6 Bf8 18. axb7 Bxb7 19. c6 Bc8 20. Bxa7 Be7 21. Qd2 g4 22. Bf2 Rb8 23. Kh1 g3 24. hxg3 Nh5 25. gxf4 Ngxf4 26. g4 Nxd3 27. Bxd3 Qf8 28. Be2 Bg5 29. Be3 Bxe3 30. Qxe3 Ng3+ 31. Kg2 Nxf1 32. Rxf1 Rxb2 33. Qc1 Rb8 34. Qe3 Ra8 35. Rb1 Qf6 36. Rh1 Ba6 37. Rh5 Bxe2 38. Nxe2 Ra2 39. Kg3 Rga8 40. Ng1 R8a3 41. Qg5 Qxg5 42. Rxg5 h6 43. Rh5 Kg7 44. g5 hxg5 45. Rxg5+ Kh6 46. Nh3 Re2 47. Rg4 Raa2 48. Rh4+ Kg7 49. Kg4 Ra3 50. Ng5 Kg6 51. Ne6 Rg2+ 52. Kh3 Rf2 53. Rg4+ Kf6 54. Nxc7 Rfxf3+ 55. Kg2 Rfe3 56. Ne8+ Ke7 57. Ng7 Ra2+ 1/2-1/2